Normal view
MARC view
Entry Personal Name
001 - CONTROL NUMBER
- control field: 1590
003 - CONTROL NUMBER IDENTIFIER
- control field: BD-RjUL
005 - DATE AND TIME OF LATEST TRANSACTION
- control field: 20220226145101.0
008 - FIXED-LENGTH DATA ELEMENTS
- fixed length control field: 220226|| aca||aabn | a|a d
040 ## - CATALOGING SOURCE
- Original cataloging agency: BD-RjUL
- Transcribing agency: BD-RjUL
100 ## - HEADING--PERSONAL NAME
- Personal name: Ali, M. Korban, Supervisor
670 ## - SOURCE DATA FOUND
- Source citation: Work cat.: (BD-RjUL)79459: Islam, Md. Rafiqul 1188, Modeling of demographic parameters of Bangladesh - An empirical forecasting /, 2003